00952nam a2200241Ia 4500003000400000005001700004008004100021020001800062040001800080041000800098082002100106100003100127245011100158250001200269260006600281300003000347650003700377650004500414650003700459942003100496999001900527952016400546OSt20240523120428.0210716s2013 xx 000 0 und d a9789351342625 cAIMIT LIBRARY aeng a374.22 21bPACB aPrachter, Barbara.9167026 aEssentials of business etiquette : bhow to greet eat and tweet your way to success /cBy Barbara Pachter. a1st ed. aNew Delhi :bTata McGraw Hill Publishing Company Ltd ,c2013. axiii,240p. ;bPBc22.6 cm aImpressive introductions9167027 aSorry, mom: do talk to strangers9167028 aGo ahed- meet new people9167029 2ddccBKe1st k374.22 PACB c209356d209356 00102ddc40708MBAaAIMITbAIMITd2015-09-26g495.00iBill no:2442; Bill dt:2015-09-22l0o374.22 PACBpMBA11922r2026-05-23 00:00:00v371.25w2021-07-16yBK